[Event "Steinfurt Bezirksklasse 1314"]
[Site "Germany"]
[Date "2013.10.05"]
[Round "1.6"]
[White "Reker, Yves"]
[Black "Beyer, Manuel"]
[Result "1-0"]
[WhiteElo "1486"]
[BlackElo "779"]
[PlyCount "41"]
[EventDate "2013.10.05"]
[EventType "team-tourn"]
[EventRounds "9"]
[EventCountry "GER"]
[SourceTitle "EXT 2015"]
[Source "ChessBase"]
[SourceDate "2014.11.20"]
[SourceVersion "1"]
[SourceVersionDate "2014.11.20"]
[SourceQuality "1"]
[WhiteTeam "Rheine SG"]
[BlackTeam "Rheine CC"]
[WhiteTeamCountry "GER"]
[BlackTeamCountry "GER"]

1. e4 e5 2. Nf3 d6 3. d4 Be7 4. dxe5 Bg4 5. exd6 Qxd6 6. Qxd6 cxd6 7. Nd4 Nc6 8. Be3 Nf6 9. Bc4 Nxe4 10. 0-0 0-0 11. f3 Bf6 12. c3 Be6 13. Nxe6 fxe6 14. Bxe6+ Kh8 15. fxe4 Rae8 16. Bd5 Re5 17. Nd2 h6 18. Nc4 Re7 19. Rad1 Ne5 20. Nxe5 dxe5 21. Bc5 1-0

[Event "Steinfurt Bezirksliga 1213"]
[Site "Germany"]
[Date "2012.11.24"]
[Round "3.5"]
[White "Teschler, Ansgar"]
[Black "Reker, Yves"]
[Result "0-1"]
[WhiteElo "1413"]
[BlackElo "1570"]
[PlyCount "54"]
[EventDate "2012.09.22"]
[EventType "team-tourn"]
[EventRounds "9"]
[EventCountry "GER"]
[SourceTitle "EXT 2015"]
[Source "ChessBase"]
[SourceDate "2014.11.20"]
[SourceVersion "1"]
[SourceVersionDate "2014.11.20"]
[SourceQuality "1"]
[WhiteTeam "Reckenfeld II"]
[BlackTeam "Rheine SG"]
[WhiteTeamCountry "GER"]
[BlackTeamCountry "GER"]

1. d4 Nf6 2. c4 g6 3. Nc3 Bg7 4. e4 d6 5. Nf3 0-0 6. Be2 Bg4 7. 0-0 Nbd7 8. Be3 Re8 9. Rc1 c5 10. Ne1 Bxe2 11. Qxe2 Rc8 12. Nc2 cxd4 13. Nxd4 Nc5 14. Qc2 a6 15. b4 Ncd7 16. Nd5 b5 17. Qd3 Ne5 18. Qe2 Nxc4 19. f3 Nxd5 20. exd5 Qb6 21. Rcd1 Nxe3 22. Qxe3 Rc4 23. Nc2 Qc7 24. Nd4 Rxb4 25. Rc1 Bxd4 26. Qxd4 Qxc1 27. Qxb4 Qc5+ 0-1

[Event "Steinfurt Bezirksliga 1213"]
[Site "Germany"]
[Date "2012.10.27"]
[Round "2.5"]
[White "Reker, Yves"]
[Black "Puke, Carolin"]
[Result "0-1"]
[WhiteElo "1570"]
[BlackElo "1560"]
[PlyCount "68"]
[EventDate "2012.09.22"]
[EventType "team-tourn"]
[EventRounds "9"]
[EventCountry "GER"]
[SourceTitle "EXT 2015"]
[Source "ChessBase"]
[SourceDate "2014.11.20"]
[SourceVersion "1"]
[SourceVersionDate "2014.11.20"]
[SourceQuality "1"]
[WhiteTeam "Rheine SG"]
[BlackTeam "Steinfurt II"]
[WhiteTeamCountry "GER"]
[BlackTeamCountry "GER"]

1. e4 e5 2. Nf3 d6 3. d4 exd4 4. Nxd4 Nf6 5. Nc3 Be7 6. Bc4 0-0 7. Be3 Nbd7 8. Nf3 Ne5 9. Nxe5 dxe5 10. Qd3 Bd7 11. 0-0-0 Bc6 12. Qe2 Qe8 13. f3 a6 14. g4 b5 15. Bd5 b4 16. Nb1 Nxd5 17. exd5 Bb5 18. Qf2 Rd8 19. Bc5 Bc4 20. Rhe1 Bxa2 21. b3 Bxb1 22. Kxb1 Bd6 23. f4 Qe7 24. Bd4 f6 25. Bb2 Qd7 26. f5 a5 27. Rg1 Qb5 28. Qf3 a4 29. Qd3 Qa5 30. g5 a3 31. Ba1 a2+ 32. Kc1 Bc5 33. Kd2 Bxg1 34. Rxg1 Rxd5 0-1

[Event "Steinfurt Bezirksliga 1112"]
[Site "Germany"]
[Date "2012.05.05"]
[Round "8.6"]
[White "Reker, Yves"]
[Black "Olejnik, Jochen"]
[Result "1-0"]
[WhiteElo "1474"]
[BlackElo "1656"]
[PlyCount "35"]
[EventDate "2011.10.01"]
[EventType "team-tourn"]
[EventRounds "9"]
[EventCountry "GER"]
[SourceTitle "EXT 2013"]
[Source "ChessBase"]
[SourceDate "2012.11.22"]
[SourceVersion "1"]
[SourceVersionDate "2012.11.22"]
[SourceQuality "1"]
[WhiteTeam "Rheine SG"]
[BlackTeam "Saerbeck II"]
[WhiteTeamCountry "GER"]
[BlackTeamCountry "GER"]

1. e4 e5 2. Nf3 Nc6 3. Bb5 a6 4. Bxc6 bxc6 5. 0-0 d6 6. d4 exd4 7. Qxd4 c5 8. Qc3 Nf6 9. Bg5 Be7 10. e5 Nd5 11. Qd2 Be6 12. Re1 Bxg5 13. Nxg5 0-0 14. exd6 Qf6 15. c3 cxd6 16. Ne4 Qd8 17. b3 f5 18. Ng5 1-0

[Event "Steinfurt Bezirksliga 1112"]
[Site "Germany"]
[Date "2012.03.31"]
[Round "7.6"]
[White "Reker, Yves"]
[Black "Winter, Reinhold"]
[Result "0-1"]
[WhiteElo "1474"]
[BlackElo "1519"]
[PlyCount "79"]
[EventDate "2011.10.01"]
[EventType "team-tourn"]
[EventRounds "9"]
[EventCountry "GER"]
[SourceTitle "EXT 2013"]
[Source "ChessBase"]
[SourceDate "2012.11.22"]
[SourceVersion "1"]
[SourceVersionDate "2012.11.22"]
[SourceQuality "1"]
[WhiteTeam "Rheine SG"]
[BlackTeam "Neuenkirchen II"]
[WhiteTeamCountry "GER"]
[BlackTeamCountry "GER"]

1. e4 e6 2. d4 d5 3. exd5 exd5 4. Bd3 Nf6 5. Bg5 Be7 6. Nf3 Bg4 7. h3 Bh5 8. g4 Bg6 9. Ne5 Bxd3 10. Qxd3 Ne4 11. Qb5+ Nd7 12. Bxe7 Qxe7 13. Qxd5 Nd6 14. Nc3 f6 15. 0-0-0 fxe5 16. dxe5 Qg5+ 17. Kb1 Nxe5 18. Rhe1 0-0-0 19. Rxe5 Qh4 20. Qd4 Nb5 21. Qe3 Nxc3+ 22. bxc3 Rxd1+ 23. Kb2 Kb8 24. f4 Qd8 25. g5 c6 26. h4 Qb6+ 27. Qxb6 axb6 28. f5 Rd5 29. Re7 Rxf5 30. Rxg7 Ka7 31. h5 Rff8 32. g6 hxg6 33. hxg6 Rhg8 34. Rf7 Rxf7 35. gxf7 Rf8 36. Kb3 Rxf7 37. c4 Ka6 38. c5 bxc5 39. c4 Ka5 40. a4 0-1

[Event "Steinfurt Bezirksliga 1011"]
[Site "Germany"]
[Date "2011.04.16"]
[Round "8.8"]
[White "Reker, Yves"]
[Black "Niering, Bernhard"]
[Result "1-0"]
[WhiteElo "1377"]
[BlackElo "1209"]
[PlyCount "49"]
[EventDate "2010.10.02"]
[EventType "team-tourn"]
[EventRounds "9"]
[EventCountry "GER"]
[SourceTitle "EXT 2012"]
[Source "ChessBase"]
[SourceDate "2011.11.24"]
[SourceVersion "1"]
[SourceVersionDate "2011.11.24"]
[SourceQuality "1"]
[WhiteTeam "Rheine SG"]
[BlackTeam "Steinfurt II"]
[WhiteTeamCountry "GER"]
[BlackTeamCountry "GER"]

1. e4 d6 2. d4 e6 3. Nf3 Nd7 4. Bb5 c6 5. Ba4 Ne7 6. Bf4 Nb6 7. Bb3 h6 8. h4 Ng6 9. Bg3 Be7 10. Nc3 Nd7 11. Qd3 b6 12. d5 Nb8 13. dxe6 fxe6 14. 0-0-0 e5 15. Qc4 Rf8 16. Nxe5 b5 17. Qe2 Nxe5 18. Bxe5 Qb6 19. Bxd6 Rxf2 20. Qh5+ Kf8 21. Bxe7+ Kxe7 22. Qe5+ Kf8 23. Qd6+ Ke8 24. Rhf1 Bg4 25. Qg6+ 1-0

[Event "Steinfurt Bezirksliga 1011"]
[Site "Germany"]
[Date "2011.03.26"]
[Round "7.7"]
[White "Reker, Yves"]
[Black "Holtmannspoetter, Michael"]
[Result "1-0"]
[WhiteElo "1377"]
[BlackElo "1613"]
[PlyCount "61"]
[EventDate "2010.10.02"]
[EventType "team-tourn"]
[EventRounds "9"]
[EventCountry "GER"]
[SourceTitle "EXT 2012"]
[Source "ChessBase"]
[SourceDate "2011.11.24"]
[SourceVersion "1"]
[SourceVersionDate "2011.11.24"]
[SourceQuality "1"]
[WhiteTeam "Rheine SG"]
[BlackTeam "Reckenfeld"]
[WhiteTeamCountry "GER"]
[BlackTeamCountry "GER"]

1. e4 c5 2. Nf3 Nc6 3. d4 cxd4 4. Nxd4 e6 5. Nc3 Bc5 6. Nf3 a6 7. a3 Nge7 8. b4 Ba7 9. Bc4 0-0 10. 0-0 f5 11. Qd3 Ng6 12. exf5 Rxf5 13. Qxf5 d5 14. Bxd5 exd5 15. Qxd5+ Qxd5 16. Nxd5 Bf5 17. c3 Be4 18. Ne3 Bxf3 19. gxf3 Rf8 20. Ng2 Rxf3 21. Be3 Bb8 22. Rad1 Rh3 23. f4 Nh4 24. Nxh4 Rxe3 25. Rf3 Re2 26. Rd7 Ba7+ 27. Kh1 Re1+ 28. Kg2 Re2+ 29. Kh3 Bg1 30. Ng2 b5 31. Rd6 1-0

[Event "Steinfurt Bezirksliga 1011"]
[Site "Germany"]
[Date "2011.03.05"]
[Round "6.8"]
[White "Reker, Yves"]
[Black "Von Gorissen, Rolf Ruediger"]
[Result "1/2-1/2"]
[WhiteElo "1377"]
[BlackElo "1322"]
[PlyCount "46"]
[EventDate "2010.10.02"]
[EventType "team-tourn"]
[EventRounds "9"]
[EventCountry "GER"]
[SourceTitle "EXT 2012"]
[Source "ChessBase"]
[SourceDate "2011.11.24"]
[SourceVersion "1"]
[SourceVersionDate "2011.11.24"]
[SourceQuality "1"]
[WhiteTeam "Rheine SG"]
[BlackTeam "Steinfurt III"]
[WhiteTeamCountry "GER"]
[BlackTeamCountry "GER"]

1. e4 e6 2. d4 d5 3. exd5 exd5 4. Bd3 Bd6 5. Nc3 c6 6. Be3 Nf6 7. Qd2 Be6 8. Nf3 h6 9. h3 Qc7 10. g4 Ng8 11. Nh4 Ne7 12. 0-0-0 g5 13. Ng2 Nd7 14. f4 f6 15. Rhe1 Bf7 16. Re2 0-0-0 17. Rde1 Rde8 18. a3 Ng6 19. Bxg6 Bxg6 20. f5 Bf7 21. Bf2 Qd8 22. Qd3 Nb6 23. Bg3 Bxg3 1/2-1/2

[Event "Steinfurt Bezirksliga 1011"]
[Site "Germany"]
[Date "2010.11.06"]
[Round "2.8"]
[White "Kaisel, Rene"]
[Black "Reker, Yves"]
[Result "1/2-1/2"]
[WhiteElo "1442"]
[BlackElo "1377"]
[PlyCount "69"]
[EventDate "2010.10.02"]
[EventType "team-tourn"]
[EventRounds "9"]
[EventCountry "GER"]
[SourceTitle "EXT 2012"]
[Source "ChessBase"]
[SourceDate "2011.11.24"]
[SourceVersion "1"]
[SourceVersionDate "2011.11.24"]
[SourceQuality "1"]
[WhiteTeam "Neuenkirchen II"]
[BlackTeam "Rheine SG"]
[WhiteTeamCountry "GER"]
[BlackTeamCountry "GER"]

1. d4 Nf6 2. Nf3 g6 3. e3 Bg7 4. Be2 d6 5. 0-0 0-0 6. c4 c5 7. Nc3 Bf5 8. Nh4 Bd7 9. h3 e6 10. Nf3 Nc6 11. d5 exd5 12. cxd5 Ne5 13. e4 Re8 14. Bg5 Qc8 15. Bxf6 Bxf6 16. Bb5 a6 17. Bxd7 Qxd7 18. Nd2 Qc7 19. f4 Nd7 20. f5 Bg7 21. Kh1 Ne5 22. f6 Bh8 23. a4 Qd8 24. Nf3 Bxf6 25. Nxe5 Bxe5 26. Qf3 Rf8 27. Rab1 Rc8 28. Ne2 b5 29. axb5 axb5 30. Nc3 b4 31. Ne2 Qg5 32. g4 c4 33. Rfc1 Qd2 34. Rd1 Qg5 35. Rdc1 1/2-1/2

[Event "Steinfurt Bezirksklasse 0506"]
[Site "Germany"]
[Date "2005.11.12"]
[Round "3.7"]
[White "Willenberg, Johannes"]
[Black "Reker, Yves"]
[Result "0-1"]
[WhiteElo "1231"]
[BlackElo "923"]
[PlyCount "124"]
[EventDate "2005.09.10"]
[EventType "team-tourn"]
[EventRounds "7"]
[EventCountry "GER"]
[SourceTitle "EXT 2006"]
[Source "ChessBase"]
[SourceDate "2005.11.24"]
[SourceVersion "1"]
[SourceVersionDate "2005.11.24"]
[SourceQuality "1"]
[WhiteTeam "Reckenfeld II"]
[BlackTeam "Rheine SG"]
[WhiteTeamCountry "GER"]
[BlackTeamCountry "GER"]

1. e4 c5 2. Nc3 Nc6 3. Bb5 e6 4. Bxc6 bxc6 5. Nf3 d5 6. e5 Ne7 7. d4 cxd4 8. Qxd4 Nf5 9. Qa4 Bd7 10. Bg5 Qc7 11. 0-0 c5 12. Qf4 h6 13. Bh4 g5 14. Bxg5 hxg5 15. Qxg5 Be7 16. Qg4 d4 17. Ne4 Bc6 18. Rfe1 0-0-0 19. c3 Rdg8 20. Qf4 Nh4 21. g3 Nxf3+ 22. Qxf3 Qxe5 23. Rad1 dxc3 24. bxc3 f5 25. Nd2 Qxe1+ 26. Rxe1 Bxf3 27. Nxf3 Rh6 28. Re5 Bd6 29. Re2 f4 30. Kg2 Kc7 31. c4 e5 32. Nxe5 Bxe5 33. Rxe5 Kd6 34. Rf5 fxg3 35. fxg3 Re8 36. h4 Re2+ 37. Kf3 Rxa2 38. h5 Ra4 39. g4 Rxc4 40. Kg3 a5 41. Kh4 a4 42. Kg5 Re6 43. h6 Rxh6 44. Kxh6 Rxg4 45. Rf3 Ke5 46. Kh5 Rf4 47. Re3+ Re4 48. Ra3 Rb4 49. Kg5 c4 50. Re3+ Kd4 51. Kf4 c3 52. Re1 Kd3+ 53. Kf3 Kd2 54. Re2+ Kd1 55. Ke3 Re4+ 56. Kxe4 Kxe2 57. Kd4 Kd2 58. Kc4 c2 59. Kb4 c1Q 60. Kxa4 Qb2 61. Ka5 Kc3 62. Ka4 Qb4# 0-1

[Event "Steinfurt Bezirksklasse 0405"]
[Site "Germany"]
[Date "2004.10.09"]
[Round "2.7"]
[White "Reker, Yves"]
[Black "Lueger, Melanie"]
[Result "1-0"]
[WhiteElo "1006"]
[BlackElo "926"]
[PlyCount "55"]
[EventDate "2004.09.18"]
[EventType "team-tourn"]
[EventRounds "11"]
[EventCountry "GER"]
[SourceTitle "EXT 2006"]
[Source "ChessBase"]
[SourceDate "2005.11.24"]
[SourceVersion "1"]
[SourceVersionDate "2005.11.24"]
[SourceQuality "1"]
[WhiteTeam "Rheine SG II"]
[BlackTeam "Westerkappeln II"]
[WhiteTeamCountry "GER"]
[BlackTeamCountry "GER"]

1. e4 e5 2. Nf3 Nc6 3. Bb5 Nf6 4. Nc3 Bc5 5. d3 Ng4 6. Be3 Bxe3 7. fxe3 Nxe3 8. Qe2 Ng4 9. h3 Nf6 10. 0-0-0 d6 11. Nd5 Nxd5 12. exd5 Bd7 13. dxc6 bxc6 14. Bc4 0-0 15. d4 exd4 16. Rxd4 Qf6 17. Re4 Rab8 18. c3 d5 19. Ne5 Rfd8 20. Nxd7 Qd6 21. Nxb8 dxe4 22. Na6 Qf4+ 23. Kc2 e3 24. Rd1 Re8 25. Nc5 Qf5+ 26. Nd3 h6 27. Rf1 Qg6 28. Bxf7+ 1-0

[Event "Steinfurt Bezirksklasse 0304"]
[Site "Germany"]
[Date "2004.01.10"]
[Round "5.7"]
[White "Burton, Christopher"]
[Black "Reker, Yves"]
[Result "1-0"]
[WhiteElo "1227"]
[BlackElo "818"]
[PlyCount "65"]
[EventDate "2003.09.27"]
[EventType "team-tourn"]
[EventRounds "11"]
[EventCountry "GER"]
[SourceTitle "EXT 2005"]
[Source "ChessBase"]
[SourceDate "2004.11.15"]
[SourceVersion "1"]
[SourceVersionDate "2004.11.15"]
[SourceQuality "1"]
[WhiteTeam "Westerkappeln II"]
[BlackTeam "Rheine SG II"]
[WhiteTeamCountry "GER"]
[BlackTeamCountry "GER"]

1. e4 c5 2. Nf3 d6 3. Nc3 Nc6 4. Bb5 Bd7 5. d3 Nd4 6. Bxd7+ Qxd7 7. Nxd4 cxd4 8. Ne2 e6 9. Nf4 e5 10. Nd5 Be7 11. 0-0 Nf6 12. Nxe7 Qxe7 13. f4 Nd7 14. f5 f6 15. Bd2 Nb6 16. c3 dxc3 17. Bxc3 0-0 18. Ba5 d5 19. Bxb6 axb6 20. Qb3 Kh8 21. Qxd5 Rfd8 22. Qb3 Qc5+ 23. Kh1 Qd4 24. Rfd1 Rac8 25. Rac1 Rxc1 26. Rxc1 h6 27. Rc3 Qe3 28. Qd1 Rd6 29. h3 Qd4 30. Qb3 Qf2 31. Rc8+ Rd8 32. Rxd8+ Kh7 33. Qg8# 1-0

[Event "NRW Holiday U16"]
[Site "Wewelsburg"]
[Date "2003.09.10"]
[Round "6"]
[White "Horwath, Jenny"]
[Black "Reker, Yves"]
[Result "1/2-1/2"]
[WhiteElo "1304"]
[BlackElo "818"]
[PlyCount "45"]
[EventDate "2003.09.??"]
[EventType "swiss"]
[EventRounds "7"]
[EventCountry "GER"]
[SourceTitle "EXT 2005"]
[Source "ChessBase"]
[SourceDate "2004.11.15"]
[SourceVersion "1"]
[SourceVersionDate "2004.11.15"]
[SourceQuality "1"]

1. e4 c5 2. Nf3 d6 3. d4 b6 4. dxc5 bxc5 5. Nc3 Nf6 6. e5 Ng4 7. Bb5+ Bd7 8. exd6 exd6 9. Qe2+ Be7 10. Bf4 0-0 11. 0-0-0 Re8 12. Bc4 Bh4 13. Bxf7+ Kxf7 14. Qc4+ Be6 15. Qe4 Na6 16. Rxd6 Qe7 17. Qxh7 Bf6 18. Re1 Nc7 19. Qh5+ Kf8 20. Qh8+ Kf7 21. Qh7 Rh8 22. Qe4 Rae8 23. Qc6 1/2-1/2